00451 2200181 4500001002100000005001500021008004100036020002200077035001900099041000700118082000800125090001400133100003000147245001900177260003000196300002700226650001600253INLIS00000000000288420241224112623241224||||||||| | ||| |||| || |  a978-602-242-011-8 0010-1224002884 aid0 a813 a813 KIN s0 aKintan Ayu Siva Salsabila00aSmart Princess aBandungbDar! Mizanc2014 a124 hlm.; ilus.: 21 cm 0aCerita Anak